00600 2200241 4500001002100000005001500021035002000036245004500056100001400101250000600115300003500121700001000156260004700166082000800213084001400221020001800235650002000253990001700273990001700290990001700307990001700324990001700341INLIS00000000000126220190806023026 a0010-08190000071 aBudi Pekerti /cDrs. Loso; Editor, Usman0 aDrs. Loso a- avi, 65 hlm. :bilus. ;c25 cm.0 aUsman aJakarta :bCV Sinar Cemerlang Abadi,c2007 a170 a170 LOS b a979-736-746-0 aEtika dan Moral a04506/P/2018 a04507/P/2018 a04508/P/2018 a04509/P/2018 a04510/P/2018